LIBRARY & INFORMATION CENTRE, KCAET, TAVANUR

ONLINE PUBLIC ACCESS CATALOGUE (OPAC)

Chocphoroe / (Record no. 4433)

MARC details
000 -LEADER
fixed length control field 00342cam a2200145ua 4500
041 ## - LANGUAGE CODE
Language code of text/sound track or separate title eng
082 ## - DEWEY DECIMAL CLASSIFICATION NUMBER
Classification number 822
Item number AES/CH
100 ## - MAIN ENTRY--AUTHOR NAME
Personal name Aeschylus, .
245 ## - TITLE STATEMENT
Title Chocphoroe /
260 ## - PUBLICATION, DISTRIBUTION, ETC. (IMPRINT)
Place of publication London :
Name of publisher George Allen & Unwin Ltd ,
Year of publication 1961.
300 ## - PHYSICAL DESCRIPTION
Number of Pages 84 ; .
942 ## - ADDED ENTRY ELEMENTS (KOHA)
Koha item type Books
Holdings
Withdrawn status Lost status Damaged status Home library Current library Date acquired Cost, normal purchase price Full call number Accession Number Koha item type Public note
Withdrawn     KAUAET Sanskrit University 07/04/2012 5.00 822 6922 Books Transferred to Sanskrit University
free website counter